000 00996cab a2200289 4500
001 ABS52543
008 090401t1995 xxu||||| |||| 00| 0 eng d
035 _a(Sirsi) u84007
041 _aeng
100 _aWalmsley, P.
245 _aWhat tactics are working best at lease renewal?
260 _c1995
350 _a0
490 _aRent Review & Lease Renewal
_v15(2) 1995, 6-14(9)
520 _aIdentifies the interests of the landlord and tenant in rent reviews and lease renewal procedures and which tactics each will employ especially in a market with little movement in rental values. Flow chart of lease renewal procedure included.
650 _aBUSINESS TENANCIES
650 _aLANDLORD AND TENANT ACT 1954
650 _aLEASE RENEWAL
650 _aPROPERTY MARKET
650 _aRECOVERY
650 _aRENT REVIEWS
650 _aRENTAL VALUES
650 _aUPWARD ONLY RENT REVIEWS
690 _aLANDLORD AND TENANT-RENT REVIEWS
942 _n0
948 _c04/03/1997
999 _c52848
_d52848